000 03321cam a2200289 i 4500
001 15633
003 DO-SdUEMH
005 20251229213843.0
007 ta
008 211105s2009 dr |||gr|||| 000 0dspa|d
020 _a9789945020823
040 _aDO-SdUEMH
_bspa
_erda
041 _aspa
082 1 4 _mRD
_aRD 199.7293 A673F
_bM385f
084 _b13-00023
100 _aMartínez Jiménez, Lucitania Francisca
_eautr
245 1 0 _aFilosofía dominicana: pasado y presente /
_cLusitania Francisca Martínez Jiménez ; compiladora: Lusitania Francisca Martínez Jiménez
260 _c2009
264 0 1 _aSanto Domingo, República Dominicana :
_bBanco Central de la República Dominicana,
_c2009
300 _a560 paginas ;
_c23 cm
336 _2rdacontent
_atexto
_btxt
337 _2rdamedia
_asin mediación
_bn
338 _2rdacarrier
_avolumen
_bnc
505 1 _aTomo I. Introducción / Lusitania F. Martínez Jiménez -- Estudios sobre la reificación en Georg Lukács -- Pensamiento filosófico dominicano en los siglos XVIII y XIX -- Antonio Sánchez Valverde -- Andrés López de Medrano y su Lógica -- Pedro Francisco Bonó y la crítica social dominicana -- Filosofía e ideas socialistas en la República Dominicana -- Pensamiento político pre-socialista (1920-1930) -- Positivismo y religión de la humanidad -- Ideas pedagógicas de Eugenio María de Hostos -- Filosofía dominicana durante el período de Trujillo -- Categorialismo y crítica a la ética kantiana -- Filosofía de lo ético y metafísica categorial -- Pensamiento filosófico del siglo XX -- Feminismo y pensamiento social dominicano -- Bergsonismo -- Gnoseología orteguiana -- Existencialismo -- Axiología, ética y legitimación social -- Fundamentos ético-pedagógicos. Tomo II. Reflexiones sobre la existencia de un pensamiento filosófico dominicano -- Filosofía, lógica, ciencia y psicología -- Conocimiento poético y conocimiento filosófico -- Filosofía, veracidad y originalidad -- Conductismo y filosofía -- Filosofía de la ciencia (Kant y la lógica; Popper y el falsacionismo) -- Filosofía y fe cristiana -- Identidad, historia, cultura y espiritualidad del pueblo dominicano -- Historia, nación y pensamiento político-cultural -- Tragedia ideológica del pensamiento dominicano -- Antología de ensayos filosóficos -- Crítica de la razón dominicana -- Pensamiento latinoamericano -- Identidad narrativa y nacionalidad dominicana -- Ideología del progreso -- Ensayos sobre lo dominicano. Tomo III. Postmodernidad y pensamiento contemporáneo -- Analítica existencial y fenomenología (Heidegger) -- Postmodernidad y hermenéutica filosófica -- Filosofía de la complejidad y epistemología contemporánea -- Crítica al paradigma científico moderno (Kuhn, Wundt) -- Modernidad y postmodernidad -- Filosofía y ciberespacio -- Pensamiento filosófico dominicano contemporáneo -- Filosofía, mujer y cultura -- Feminismo y pensamiento de las mujeres -- Filosofía social y política (Spinoza, Aristóteles) -- Axiología y teorías del valor -- Hannah Arendt y la condición humana -- Panorama socrático -- Pensamiento filosófico de Pedro Henríquez Ureña -- Educación científica y mujer -- Existencialismo y filosofía de la libertad -- Advertencia final.
942 _2ddc
_cBK
_n0
999 _c15633
_d15633